Statistics for City by Football Club (bit more difficult than the other one)

Click here to take the quiz!

General Stats

  • This quiz has been taken 645 times
    (629 since last reset)
  • The average score is 13 of 22

Answer Stats

HintAnswer% Correct
ChelseaLondon
100%
CelticGlasgow
93%
EvertonLiverpool
93%
Aston VillaBirmingham
84%
PanathinaikosAthens
83%
BeşiktaşIstanbul
82%
FeyenoordRotterdam
72%
RSC AnderlechtBrussels
70%
Young BoysBern
69%
GrasshoppersZürich
66%
Rayo VallecanoMadrid
65%
FerencvárosBudapest
53%
SampdoriaGenoa
52%
Djurgårdens IFStockholm
51%
1. FC Sankt PauliHamburg
49%
Schalke 04Gelsenkirchen
45%
Gençlerbirliği Spor KulübüAnkara
39%
Bohemians 1905Prague
35%
OsasunaPamplona
26%
VíkingurReykjavik
22%
MarítimoFunchal
19%
FC JazzPori
7%

Score Distribution

Percentile by Number Answered

Percent of People with Each Score

Your Score History

You have not taken this quiz since the last reset